[Event "Bresso op 6th"]
[Site "Bresso"]
[Date "2007.06.14"]
[Round "1"]
[White "Capuano, Eugenio"]
[Black "Basilico, Davide"]
[Result "1-0"]
[WhiteElo "2237"]
[BlackElo "1632"]
[PlyCount "39"]
[EventDate "2007.06.14"]
[EventType "swiss"]
[EventRounds "6"]
[EventCountry "ITA"]
[SourceTitle "EXT 2010"]
[Source "ChessBase"]
[SourceDate "2010.11.25"]
[SourceVersion "1"]
[SourceVersionDate "2010.11.25"]
[SourceQuality "1"]

1. d4 d5 2. c4 e6 3. Nf3 Nd7 4. Nc3 Ngf6 5. Bg5 Be7 6. e3 0-0 7. Rc1 c6 8. Bd3 Re8 9. 0-0 Bd6 10. e4 dxc4 11. Bxc4 e5 12. Bb3 Qc7 13. Bxf6 Nxf6 14. Nb5 Qe7 15. Nxd6 Qxd6 16. dxe5 Qxd1 17. Rfxd1 Nxe4 18. Re1 Bf5 19. Bc2 Nd6 20. exd6 1-0

[Event "Pedavena op-A 2nd"]
[Site "Pedavena"]
[Date "2006.08.05"]
[Round "7"]
[White "Barlocco, Carlo"]
[Black "Capuano, Eugenio"]
[Result "1-0"]
[WhiteElo "2183"]
[BlackElo "2255"]
[PlyCount "111"]
[EventDate "2006.08.01"]
[EventType "swiss"]
[EventRounds "7"]
[EventCountry "ITA"]
[SourceTitle "EXT 2023"]
[Source "ChessBase"]
[SourceDate "2022.10.05"]
[SourceVersion "1"]
[SourceVersionDate "2022.10.05"]
[SourceQuality "1"]

1. Nc3 c5 2. Ne4 e6 3. f4 d5 4. Nf2 Nc6 5. Nf3 Bd6 6. g3 Nge7 7. Bg2 e5 8. fxe5 Nxe5 9. 0-0 Nxf3+ 10. Bxf3 Be6 11. c4 Qd7 12. cxd5 Nxd5 13. d4 Nf6 14. dxc5 Bxc5 15. Qxd7+ Nxd7 16. Bf4 0-0 17. Bxb7 Rad8 18. b3 Nf6 19. Rac1 Bb6 20. Kg2 Bd5+ 21. Bxd5 Nxd5 22. Rfd1 h6 23. h4 Rfe8 24. Kf3 Nxf4 25. Rxd8 Bxd8 26. gxf4 Bxh4 27. Rc7 Re7 28. Rc8+ Kh7 29. Nd3 f5 30. Rc5 Kg6 31. Ne5+ Kh5 32. Nc6 Rc7 33. Rxf5+ Kg6 34. Rc5 Kf6 35. e4 Be1 36. e5+ Kg6 37. f5+ Kh7 38. Ke4 h5 39. Rc1 Bg3 40. Kd5 h4 41. Rh1 Kg8 42. Kd6 Rb7 43. Ne7+ Kf7 44. Ng6 Rb4 45. Kd5 a5 46. Rc1 Rb8 47. Rc3 Be1 48. Rd3 Bf2 49. Rh3 Rd8+ 50. Ke4 Rd4+ 51. Kf3 Bg3 52. Rh1 Rd3+ 53. Ke4 Rd2 54. Nxh4 Rxa2 55. Ng6 Bf2 56. Rc1 1-0

[Event "Pedavena op-A 2nd"]
[Site "Pedavena"]
[Date "2006.08.04"]
[Round "6"]
[White "Capuano, Eugenio"]
[Black "Okhotnik, Vladimir"]
[Result "0-1"]
[WhiteElo "2255"]
[BlackElo "2485"]
[PlyCount "117"]
[EventDate "2006.08.01"]
[EventType "swiss"]
[EventRounds "7"]
[EventCountry "ITA"]
[SourceTitle "EXT 2023"]
[Source "ChessBase"]
[SourceDate "2022.10.05"]
[SourceVersion "1"]
[SourceVersionDate "2022.10.05"]
[SourceQuality "1"]

1. d4 Nf6 2. c4 g6 3. Nc3 d5 4. Nf3 Bg7 5. Bg5 Ne4 6. cxd5 Nxg5 7. Nxg5 e6 8. Nf3 exd5 9. b4 c6 10. e3 Qd6 11. Qb3 Bg4 12. Be2 0-0 13. 0-0 Nd7 14. b5 Rfe8 15. Rac1 Nb6 16. Na4 Nxa4 17. Qxa4 cxb5 18. Qxb5 Rab8 19. Rc5 Red8 20. Rfc1 h6 21. h3 Be6 22. Ne1 a6 23. Qb3 Rdc8 24. Bf3 Rxc5 25. Rxc5 b6 26. Rc1 g5 27. Nd3 Bf8 28. Ne5 Qa3 29. Rc6 Qxb3 30. axb3 a5 31. Bg4 Bxg4 32. hxg4 Rb7 33. Rc8 b5 34. Rd8 Kg7 35. Rxd5 a4 36. bxa4 bxa4 37. Ra5 a3 38. Nc4 Rb3 39. Ra6 f6 40. g3 Rc3 41. Ra7+ Kg6 42. Nb6 Rc2 43. Nd5 a2 44. Kg2 Bd6 45. e4 Rd2 46. Ne3 Bb8 47. Ra6 Rxd4 48. Rxa2 Rxe4 49. Ra6 Rd4 50. Kf3 Rd7 51. Ra8 Rb7 52. Ra6 Be5 53. Rc6 Rb3 54. Ke4 Rb4+ 55. Rc4 Rb6 56. Ra4 Re6 57. Kd5 Rd6+ 58. Ke4 Rd7 59. Rc4 0-1

[Event "Pedavena op-A 2nd"]
[Site "Pedavena"]
[Date "2006.08.01"]
[Round "1"]
[White "Capraro, Fabio"]
[Black "Capuano, Eugenio"]
[Result "0-1"]
[WhiteElo "1873"]
[BlackElo "2255"]
[PlyCount "60"]
[EventDate "2006.08.01"]
[EventType "swiss"]
[EventRounds "7"]
[EventCountry "ITA"]
[SourceTitle "EXT 2023"]
[Source "ChessBase"]
[SourceDate "2022.10.05"]
[SourceVersion "1"]
[SourceVersionDate "2022.10.05"]
[SourceQuality "1"]

1. c4 g6 2. g3 Bg7 3. Bg2 d6 4. Nc3 Nf6 5. d3 0-0 6. e3 e5 7. Nge2 c6 8. 0-0 Be6 9. Qc2 a5 10. h3 Na6 11. Kh2 Rc8 12. Qb1 d5 13. cxd5 cxd5 14. Bd2 Qd7 15. a4 Nb4 16. Nb5 Nc2 17. Ra2 d4 18. b3 dxe3 19. Rxc2 Rxc2 20. Qxc2 exd2 21. Qxd2 Bxb3 22. Qxa5 Bd5 23. Nec3 Bxg2 24. Kxg2 Qxd3 25. Rd1 Qc2 26. Rd8 Ne4 27. Nxe4 Qxe4+ 28. Kh2 Rxd8 29. Qxd8+ Bf8 30. Nd6 Qd5 0-1

[Event "Falconara Marittima op 2nd"]
[Site "Falconara Marittima"]
[Date "2005.07.19"]
[Round "3"]
[White "Maksimenko, Andrei"]
[Black "Capuano, Eugenio"]
[Result "1-0"]
[WhiteElo "2505"]
[BlackElo "2173"]
[PlyCount "61"]
[EventDate "2005.07.18"]
[EventType "swiss"]
[EventRounds "9"]
[EventCountry "ITA"]
[SourceTitle "EXT 2007"]
[Source "ChessBase"]
[SourceDate "2006.11.23"]
[SourceVersion "1"]
[SourceVersionDate "2006.11.23"]
[SourceQuality "1"]

1. d4 d5 2. c4 c6 3. Nf3 Nf6 4. Nc3 a6 5. c5 Nbd7 6. Bf4 Nh5 7. e3 Nxf4 8. exf4 Qc7 9. Qd2 g6 10. Bd3 Bg7 11. 0-0 0-0 12. Rfe1 Re8 13. g3 Nf8 14. h4 f6 15. h5 gxh5 16. Nh4 e5 17. f5 Bd7 18. Be2 Re7 19. Bxh5 Be8 20. Bxe8 Raxe8 21. b4 exd4 22. Rxe7 Rxe7 23. Ne2 Bh6 24. f4 Re4 25. Nxd4 Qg7 26. Kf2 Qg4 27. Rh1 Nd7 28. Nhf3 Bf8 29. Rh4 Qg7 30. Ne6 Qf7 31. Nfd4 1-0

[Event "Campobasso op 12th"]
[Site "Campobasso"]
[Date "2005.07.10"]
[Round "6"]
[White "Borin, Fabio"]
[Black "Capuano, Eugenio"]
[Result "0-1"]
[WhiteElo "2184"]
[BlackElo "2173"]
[PlyCount "48"]
[EventDate "2005.07.08"]
[EventType "swiss"]
[EventRounds "6"]
[EventCountry "ITA"]
[SourceTitle "EXT 2007"]
[Source "ChessBase"]
[SourceDate "2006.11.23"]
[SourceVersion "1"]
[SourceVersionDate "2006.11.23"]
[SourceQuality "1"]

1. e4 c5 2. Nf3 d6 3. d4 cxd4 4. Nxd4 Nf6 5. f3 Nc6 6. c4 Nxd4 7. Qxd4 g6 8. Nc3 Bg7 9. Bg5 0-0 10. Be2 Be6 11. Qd2 Qa5 12. Nd5 Qxd2+ 13. Kxd2 Bxd5 14. cxd5 Rfc8 15. Rac1 Kf8 16. Be3 Nd7 17. Bxa7 Rxc1 18. Rxc1 Bxb2 19. Rb1 Rxa7 20. Rxb2 Nc5 21. Bb5 Kg7 22. Kc3 h5 23. Kb4 Kf6 24. Be8 Nd3+ 0-1

[Event "Campobasso op 12th"]
[Site "Campobasso"]
[Date "2005.07.09"]
[Round "3"]
[White "Capuano, Eugenio"]
[Black "Damia, Angelo"]
[Result "1-0"]
[WhiteElo "2173"]
[BlackElo "2155"]
[PlyCount "95"]
[EventDate "2005.07.08"]
[EventType "swiss"]
[EventRounds "6"]
[EventCountry "ITA"]
[SourceTitle "EXT 2007"]
[Source "ChessBase"]
[SourceDate "2006.11.23"]
[SourceVersion "1"]
[SourceVersionDate "2006.11.23"]
[SourceQuality "1"]

1. d4 Nf6 2. Nf3 d6 3. c4 g6 4. Nc3 Bg7 5. e4 0-0 6. Be2 e5 7. 0-0 Nc6 8. d5 Ne7 9. b4 Ne8 10. c5 f5 11. Nd2 Nf6 12. f3 f4 13. Nc4 a6 14. a4 g5 15. Ba3 dxc5 16. bxc5 c6 17. Nd6 cxd5 18. exd5 Nf5 19. Nxf5 Bxf5 20. Bd3 Bxd3 21. Qxd3 g4 22. Rab1 gxf3 23. Qxf3 Rf7 24. Rb6 Rc8 25. d6 Qd7 26. Nd5 Nxd5 27. Qxd5 Rc6 28. Rb3 Kh8 29. Rfb1 f3 30. Rxf3 Rxf3 31. Qxf3 h6 32. Qb3 e4 33. Qxb7 Bd4+ 34. Kh1 Qxb7 35. Rxb7 Bxc5 36. d7 Be7 37. Kg1 Bg5 38. g3 Kg8 39. Rb8+ Kf7 40. d8Q Bxd8 41. Rxd8 Rc4 42. Bd6 Rxa4 43. Bf4 Kg6 44. Rd6+ Kf5 45. Kf2 Ra2+ 46. Rd2 Ra3 47. Bxh6 a5 48. h3 1-0

[Event "Campobasso op 12th"]
[Site "Campobasso"]
[Date "2005.07.08"]
[Round "1"]
[White "Capuano, Eugenio"]
[Black "Vanzan, Alessandro"]
[Result "1-0"]
[WhiteElo "2173"]
[BlackElo "1886"]
[PlyCount "59"]
[EventDate "2005.07.08"]
[EventType "swiss"]
[EventRounds "6"]
[EventCountry "ITA"]
[SourceTitle "EXT 2007"]
[Source "ChessBase"]
[SourceDate "2006.11.23"]
[SourceVersion "1"]
[SourceVersionDate "2006.11.23"]
[SourceQuality "1"]

1. d4 d6 2. c4 Nc6 3. d5 Ne5 4. Nc3 g6 5. e4 Bg7 6. f4 Nd7 7. Nf3 Ngf6 8. Bd3 Nc5 9. Bc2 0-0 10. 0-0 e6 11. e5 Ne8 12. Be3 Nd7 13. Bd4 Nb6 14. Bb3 exd5 15. cxd5 c5 16. dxc6 bxc6 17. exd6 Bxd4+ 18. Qxd4 Qxd6 19. Ne4 Qxd4+ 20. Nxd4 Ba6 21. Rfe1 Rc8 22. Rac1 Kg7 23. Nc5 Bb5 24. a4 a6 25. axb5 axb5 26. Ne4 Nf6 27. Nxf6 Kxf6 28. Rxc6+ Rxc6 29. Nxc6 Rc8 30. Ne5 1-0

[Event "ITA-chT A2 36th"]
[Site "Italy"]
[Date "2004.04.18"]
[Round "5"]
[White "Marinelli, Gian Marco"]
[Black "Capuano, Eugenio"]
[Result "1-0"]
[WhiteElo "2024"]
[BlackElo "2173"]
[PlyCount "95"]
[EventDate "2004.02.22"]
[EventType "team"]
[EventRounds "7"]
[EventCountry "ITA"]
[SourceTitle "EXT 2009"]
[Source "ChessBase"]
[SourceDate "2008.11.26"]
[SourceVersion "1"]
[SourceVersionDate "2008.11.26"]
[SourceQuality "1"]

1. e4 c5 2. Nf3 Nc6 3. d4 cxd4 4. Nxd4 e5 5. Nf3 Nf6 6. Bd3 Bc5 7. 0-0 d6 8. c3 a6 9. a4 Ne7 10. Nbd2 0-0 11. Qe2 Ng6 12. Nc4 d5 13. Ncxe5 dxe4 14. Bxe4 Re8 15. Bxg6 hxg6 16. Qc4 Qc7 17. Be3 Bd6 18. Qxc7 Bxc7 19. Bd4 Be6 20. Rfe1 Bd5 21. c4 Be4 22. Bc3 Rad8 23. Nxf7 Kxf7 24. Ng5+ Kg8 25. Bxf6 gxf6 26. Nxe4 Be5 27. Rab1 f5 28. Ng3 Rd2 29. Re2 Rxe2 30. Nxe2 Bxh2+ 31. Kxh2 Rxe2 32. Kg3 Kf7 33. Kf3 Rc2 34. b3 Kf6 35. g3 g5 36. Re1 Rc3+ 37. Re3 g4+ 38. Kg2 Rxe3 39. fxe3 a5 40. Kg1 Ke5 41. Kf2 Ke4 42. Ke2 b6 43. Kd2 Kf3 44. b4 Kxg3 45. bxa5 bxa5 46. c5 f4 47. exf4 Kxf4 48. c6 1-0

[Event "Porto San Giorgio op 15th"]
[Site "Porto San Giorgo"]
[Date "2003.08.24"]
[Round "4"]
[White "Burmakin, Vladimir"]
[Black "Capuano, Eugenio"]
[Result "1-0"]
[WhiteElo "2575"]
[BlackElo "2143"]
[PlyCount "63"]
[EventDate "2003.08.21"]
[EventType "swiss"]
[EventRounds "9"]
[EventCountry "ITA"]
[SourceTitle "CBM 095 Extra"]
[Source "ChessBase"]
[SourceDate "2003.09.04"]
[SourceVersion "1"]
[SourceVersionDate "2003.09.04"]
[SourceQuality "1"]

1. d4 d5 2. Nf3 Nf6 3. c4 c6 4. e3 a6 5. a4 e6 6. Nc3 c5 7. cxd5 exd5 8. Be2 Nc6 9. 0-0 Bd6 10. dxc5 Bxc5 11. b3 0-0 12. Ba3 Bxa3 13. Rxa3 Qa5 14. Na2 Bg4 15. Qb1 Rfd8 16. b4 Qb6 17. a5 Qa7 18. Nc3 b5 19. Rd1 Qe7 20. Rb3 Rac8 21. h3 Bh5 22. Nd4 Nxd4 23. Rxd4 Rxc3 24. Rxc3 Bxe2 25. Rc6 Qb7 26. Rb6 Qc8 27. Qb2 Bc4 28. Rxf6 gxf6 29. Rg4+ Kf8 30. Qxf6 Re8 31. Qd6+ Re7 32. Qh6+ 1-0

[Event "Bergamo op 2nd"]
[Site "Bergamo"]
[Date "2003.07.26"]
[Round "4"]
[White "Lorusso, Giuseppe"]
[Black "Capuano, Eugenio"]
[Result "0-1"]
[WhiteElo "1801"]
[BlackElo "2143"]
[PlyCount "68"]
[EventDate "2003.07.25"]
[EventType "swiss"]
[EventRounds "6"]
[EventCountry "ITA"]
[SourceTitle "EXT 2007"]
[Source "ChessBase"]
[SourceDate "2006.11.23"]
[SourceVersion "1"]
[SourceVersionDate "2006.11.23"]
[SourceQuality "1"]

1. d4 d5 2. c4 c6 3. Nc3 Nf6 4. Nf3 a6 5. e3 b5 6. cxd5 cxd5 7. Bd3 e6 8. Ne5 Nbd7 9. f4 Bb7 10. 0-0 Be7 11. Bd2 0-0 12. Be1 b4 13. Nb1 Ne4 14. Nd2 f6 15. Nxd7 Qxd7 16. Qf3 f5 17. Qe2 Bd6 18. Nf3 a5 19. Bh4 Rac8 20. Ne5 Bxe5 21. fxe5 Rc7 22. g4 Qe8 23. gxf5 exf5 24. Kh1 Qe6 25. Rg1 Qh6 26. Bg3 Rc6 27. Bf4 Qe6 28. Rg2 Rc7 29. Rag1 a4 30. Qh5 Rff7 31. Qh6 Qxh6 32. Bxh6 Bc8 33. Bf4 Be6 34. Rc2 b3 0-1

[Event "Campobasso op 10th"]
[Site "Campobasso"]
[Date "2003.07.13"]
[Round "5"]
[White "Ficco, Corrado"]
[Black "Capuano, Eugenio"]
[Result "0-1"]
[WhiteElo "2098"]
[BlackElo "2143"]
[PlyCount "52"]
[EventDate "2003.07.11"]
[EventType "swiss"]
[EventRounds "6"]
[EventCountry "ITA"]
[SourceTitle "EXT 2007"]
[Source "ChessBase"]
[SourceDate "2006.11.23"]
[SourceVersion "1"]
[SourceVersionDate "2006.11.23"]
[SourceQuality "1"]

1. c4 b6 2. Nc3 Bb7 3. d4 e6 4. e3 f5 5. d5 Nf6 6. dxe6 Bb4 7. exd7+ Nbxd7 8. Nf3 Ne4 9. Bd2 Bxc3 10. Bxc3 Nxc3 11. bxc3 Qe7 12. Be2 0-0 13. 0-0 Rad8 14. Qd4 f4 15. Rfe1 c5 16. Qd2 Ne5 17. Qc1 Nxf3+ 18. Bxf3 Bxf3 19. gxf3 Qh4 20. exf4 Rxf4 21. Qe3 Rdf8 22. Rad1 Rxf3 23. Qe6+ Kh8 24. Rd7 Rxf2 25. Qe5 Qg4+ 26. Qg3 Qxd7 0-1

[Event "ITA-chT A1 Sud 2"]
[Site "Palermo"]
[Date "2003.03.14"]
[Round "1"]
[White "Capuano, Eugenio"]
[Black "Cappadona, Salvatore"]
[Result "1/2-1/2"]
[WhiteElo "2143"]
[BlackElo "1982"]
[PlyCount "151"]
[EventDate "2003.03.14"]
[EventType "team-tourn"]
[EventRounds "3"]
[EventCountry "ITA"]
[SourceTitle "EXT 2023"]
[Source "ChessBase"]
[SourceDate "2022.10.05"]
[SourceVersion "1"]
[SourceVersionDate "2022.10.05"]
[SourceQuality "1"]

1. Nf3 Nf6 2. c4 g6 3. Nc3 c5 4. e4 d6 5. d4 cxd4 6. Nxd4 Bg7 7. Be2 0-0 8. 0-0 Nc6 9. Be3 Nxd4 10. Bxd4 Bd7 11. Qd2 Bc6 12. f3 a6 13. b4 Nh5 14. Rfd1 Bxd4+ 15. Qxd4 Nf4 16. Bf1 Ne6 17. Qe3 b6 18. Nd5 Bxd5 19. cxd5 Ng7 20. Rac1 b5 21. Rc6 a5 22. a3 axb4 23. axb4 Ra4 24. Qd4 e5 25. dxe6 Nxe6 26. Qd2 Qb8 27. Rxd6 Qa7+ 28. Kh1 Ra2 29. Qe1 Qa4 30. Qe3 Qxb4 31. f4 Ra3 32. Qc1 Rc3 33. Qd2 Rb3 34. g3 Qxe4+ 35. Bg2 Qe3 36. Qd5 Rb2 37. f5 gxf5 38. Qxf5 Ng7 39. Qd5 Qb3 40. Qg5 Rb1 41. Qg4 Rxd1+ 42. Rxd1 Qe6 43. Qb4 Qc4 44. Rb1 Rd8 45. Bf1 Qxb4 46. Rxb4 Rd1 47. Kg2 Nf5 48. Bxb5 Rd2+ 49. Kh3 Nd4 50. Kg4 Nxb5 51. Rxb5 Rxh2 52. Rb7 Kg7 53. Rc7 Re2 54. Kf3 Re6 55. Kf4 Rg6 56. Rb7 Rf6+ 57. Kg4 Rf1 58. Rb5 h6 59. Rb6 Rf2 60. Rc6 Rf6 61. Rc8 Rg6+ 62. Kf4 Rg5 63. Rc7 Rd5 64. Rc4 Kg6 65. Rc6+ f6 66. Rc8 Rd4+ 67. Kf3 h5 68. Rg8+ Kf5 69. Rh8 Rd3+ 70. Kg2 Kg6 71. Rg8+ Kf7 72. Rh8 Rd5 73. Kh3 Kg7 74. Rc8 Ra5 75. Rc7+ Kg6 76. Rc8 1/2-1/2

[Event "Castellaneta op 4th"]
[Site "Castellaneta"]
[Date "2000.08.31"]
[Round "5"]
[White "Coratella, Giuseppe"]
[Black "Capuano, Eugenio"]
[Result "1-0"]
[WhiteElo "2077"]
[BlackElo "2176"]
[PlyCount "99"]
[EventDate "2000.08.??"]
[EventType "swiss"]
[EventRounds "6"]
[EventCountry "ITA"]
[SourceTitle "EXT 2005"]
[Source "ChessBase"]
[SourceDate "2004.11.15"]
[SourceVersion "1"]
[SourceVersionDate "2004.11.15"]
[SourceQuality "1"]

1. e4 c5 2. Nf3 Nc6 3. Nc3 g6 4. d4 cxd4 5. Nxd4 Bg7 6. Be3 Nf6 7. Be2 0-0 8. Nb3 d6 9. 0-0 Be6 10. f4 Rc8 11. Kh1 Na5 12. e5 Ne8 13. Nxa5 Qxa5 14. Bg4 Bxg4 15. Qxg4 e6 16. Qf3 dxe5 17. Qxb7 Nd6 18. Qxa7 Qxa7 19. Bxa7 Nc4 20. fxe5 Bxe5 21. Ne4 Bxb2 22. Rab1 Ra8 23. Bc5 Rfc8 24. Bb4 Rxa2 25. Ng5 Ne3 26. Rf3 Nxc2 27. Bd6 Nd4 28. Rf2 Ra1 29. Rxa1 Bxa1 30. h3 Nf5 31. Bf4 Bd4 32. Rf1 Be3 33. Bxe3 Nxe3 34. Re1 Nd5 35. Kh2 Rc2 36. Kg3 h6 37. Nf3 Kg7 38. Ra1 g5 39. h4 Kf6 40. Ra7 Rc3 41. hxg5+ hxg5 42. Kf2 Nf4 43. Nd4 Rc4 44. Rd7 Nd5 45. Nf3 g4 46. Rxf7+ Kxf7 47. Ne5+ Kf6 48. Nxc4 Nf4 49. g3 Nd3+ 50. Ke2 1-0

[Event "Castellaneta op 3rd"]
[Site "Castellaneta"]
[Date "1999.08.30"]
[Round "4"]
[White "Capuano, Eugenio"]
[Black "Cioara, Andrei Nestor"]
[Result "0-1"]
[WhiteElo "2153"]
[BlackElo "2423"]
[PlyCount "106"]
[EventDate "1999.08.29"]
[EventType "swiss"]
[EventRounds "6"]
[EventCountry "ITA"]
[SourceTitle "EXT 2000"]
[Source "ChessBase"]
[SourceDate "1999.11.16"]
[SourceVersion "1"]
[SourceVersionDate "1999.11.16"]
[SourceQuality "1"]

1. e4 c6 2. d4 d5 3. e5 Bf5 4. Nf3 e6 5. Be2 Nd7 6. 0-0 Ne7 7. Nh4 Bg6 8. Nd2 c5 9. c3 Nc6 10. Nxg6 hxg6 11. Nf3 Be7 12. Be3 cxd4 13. cxd4 Nb6 14. g3 Nc4 15. Bxc4 dxc4 16. Qc2 Qd5 17. Nd2 0-0-0 18. Qxc4 Qxc4 19. Nxc4 Nxd4 20. Nd6+ Bxd6 21. Bxd4 Bc7 22. Bc3 Rd5 23. Rad1 Rhd8 24. Rxd5 Rxd5 25. Re1 b5 26. Kg2 a5 27. a3 Kb7 28. Re4 Ka6 29. Rf4 Rd7 30. h4 Bb6 31. Kf1 Bc5 32. Ke2 Bf8 33. Rd4 Rxd4 34. Bxd4 a4 35. Kd3 b4 36. axb4 Kb5 37. f4 Kxb4 38. Bc3+ Kb3 39. Bd4 Kb4 40. g4 Be7 41. h5 gxh5 42. gxh5 Bf8 43. Ke4 Kc4 44. Bf2 g6 45. hxg6 fxg6 46. Kf3 Bb4 47. Kg4 Bc3 48. Bh4 Bxb2 49. Be7 a3 50. Bxa3 Bxa3 51. Kg5 Bc1 52. Kf6 Kd5 53. Kxg6 Bxf4 0-1

[Event "Teramo op"]
[Site "Teramo"]
[Date "1999.??.??"]
[Round "3"]
[White "Capuano, Eugenio"]
[Black "De Santis, Alessio"]
[Result "0-1"]
[WhiteElo "2159"]
[BlackElo "2356"]
[PlyCount "66"]
[EventDate "1999.??.??"]
[EventType "swiss"]
[EventRounds "7"]
[EventCountry "ITA"]
[SourceTitle "EXT 2005"]
[Source "ChessBase"]
[SourceDate "2004.11.15"]
[SourceVersion "1"]
[SourceVersionDate "2004.11.15"]
[SourceQuality "1"]

1. e4 d6 2. d4 Nf6 3. Nc3 c6 4. f4 Qa5 5. e5 Ne4 6. Bd3 d5 7. Nge2 f5 8. exf6 Nxf6 9. 0-0 c5 10. dxc5 e6 11. Kh1 Bxc5 12. Ng1 Nc6 13. Nf3 0-0 14. Bd2 Qc7 15. Qe2 a6 16. Rae1 Bd7 17. Ne5 Rae8 18. g4 g6 19. a3 Nxe5 20. fxe5 Ne4 21. Nxe4 dxe4 22. Bxe4 Rxf1+ 23. Rxf1 Qxe5 24. Bc3 Qc7 25. Qf3 Rf8 26. Qg2 Rf4 27. Rxf4 Qxf4 28. Bd2 Qe5 29. Bc3 Qf4 30. Bd2 Qe5 31. Bc3 Bd4 32. Bb4 a5 33. Be7 Bc6 0-1

[Event "Campobasso op 5th"]
[Site "Campobasso"]
[Date "1998.09.12"]
[Round "4"]
[White "Alexieva, Silvia"]
[Black "Capuano, Eugenio"]
[Result "1/2-1/2"]
[WhiteElo "2335"]
[BlackElo "2150"]
[PlyCount "162"]
[EventDate "1998.09.11"]
[EventType "swiss"]
[EventRounds "6"]
[EventCountry "ITA"]
[SourceTitle "EXT 2000"]
[Source "ChessBase"]
[SourceDate "1999.11.16"]
[SourceVersion "1"]
[SourceVersionDate "1999.11.16"]
[SourceQuality "1"]

1. d4 Nf6 2. Nf3 g6 3. c4 Bg7 4. Nc3 0-0 5. Bg5 d6 6. e3 c6 7. Qc2 a6 8. Rd1 Nbd7 9. Be2 b5 10. a3 Qb6 11. 0-0 Bb7 12. b4 bxc4 13. Bxc4 a5 14. Rb1 Ba6 15. b5 cxb5 16. Bxb5 Bxb5 17. Nxb5 Rfc8 18. Qa2 a4 19. Bf4 Qc6 20. Ng5 Qd5 21. Qxd5 Nxd5 22. Bg3 h6 23. Nf3 N7f6 24. Nd2 Rc2 25. Rfd1 Nh5 26. Kf1 Rac8 27. Ke1 Nxg3 28. hxg3 Nc3 29. Nxc3 R8xc3 30. Rb8+ Kh7 31. Nb1 Rb3 32. Rxb3 axb3 33. Nd2 Ra2 34. Nxb3 Rxa3 35. Nd2 Ra2 36. Rc1 Bf6 37. Ke2 h5 38. Kd3 Kg7 39. Rc2 Ra1 40. f3 Ra3+ 41. Rc3 Ra2 42. Rb3 Ra1 43. Rb2 Ra3+ 44. Ke2 Ra1 45. Rc2 Rg1 46. Kf2 Ra1 47. f4 Rd1 48. Kf3 Re1 49. Nb3 Rf1+ 50. Rf2 Rb1 51. Nd2 Rb2 52. g4 hxg4+ 53. Kxg4 Rb5 54. Kf3 d5 55. Rf1 Rb2 56. Ke2 e6 57. Rb1 Ra2 58. Kd3 Bd8 59. g4 Ba5 60. Nf3 Rg2 61. Rb5 Bd8 62. Rb8 Be7 63. Rb7 Kf8 64. Ne5 Ra2 65. g5 Rh2 66. Nc6 Bd6 67. Rd7 Ba3 68. Rd8+ Kg7 69. Ne5 Be7 70. Re8 Bd6 71. Nd7 Rh8 72. Nf6 Ba3 73. Kc2 Rxe8 74. Nxe8+ Kf8 75. Nc7 Ke7 76. Nb5 Bb4 77. Nc3 Bd6 78. Kb3 Kd7 79. Ka4 Kc7 80. Nb5+ Kc6 81. Nxd6 Kxd6 1/2-1/2

[Event "Campobasso op 4th"]
[Site "Campobasso"]
[Date "1997.??.??"]
[Round "?"]
[White "Capuano, Eugenio"]
[Black "Di Carlo, Romeo"]
[Result "1-0"]
[WhiteElo "2140"]
[BlackElo "2125"]
[PlyCount "65"]
[EventDate "1997.??.??"]
[EventType "swiss"]
[EventRounds "6"]
[EventCountry "ITA"]
[SourceTitle "EXT 2000"]
[Source "ChessBase"]
[SourceDate "1999.11.16"]
[SourceVersion "1"]
[SourceVersionDate "1999.11.16"]
[SourceQuality "1"]

1. e4 c6 2. d4 d5 3. Nd2 dxe4 4. Nxe4 Nd7 5. Ng5 Ngf6 6. Bd3 e6 7. N1f3 Bd6 8. Qe2 h6 9. Ne4 Nxe4 10. Qxe4 Nf6 11. Qe2 Qc7 12. Bd2 b6 13. 0-0-0 Bb7 14. Kb1 0-0-0 15. c4 c5 16. Bc3 Kb8 17. Bc2 Ka8 18. dxc5 Qxc5 19. Ne5 Qc7 20. f4 Rhe8 21. Rd2 Rc8 22. Rhd1 Bc5 23. g4 g5 24. fxg5 hxg5 25. h4 gxh4 26. Rf1 Be7 27. g5 Ng8 28. Rd7 Qb8 29. Rxb7 Kxb7 30. Qe4+ Ka6 31. Ba4 b5 32. cxb5+ Kb6 33. Nd7+ 1-0

[Event "Campobasso op 4th"]
[Site "Campobasso"]
[Date "1997.??.??"]
[Round "?"]
[White "Lagumina, Giulio"]
[Black "Capuano, Eugenio"]
[Result "1-0"]
[WhiteElo "2265"]
[BlackElo "2140"]
[PlyCount "29"]
[EventDate "1997.??.??"]
[EventType "swiss"]
[EventRounds "6"]
[EventCountry "ITA"]
[SourceTitle "EXT 2000"]
[Source "ChessBase"]
[SourceDate "1999.11.16"]
[SourceVersion "1"]
[SourceVersionDate "1999.11.16"]
[SourceQuality "1"]

1. d4 Nf6 2. Bg5 Ne4 3. Bf4 c5 4. f3 Nf6 5. dxc5 b6 6. Nc3 bxc5 7. e4 Nc6 8. Bc4 d6 9. Qd2 Qa5 10. 0-0-0 g6 11. Nb5 Qb6 12. Bxd6 exd6 13. Qf4 Be7 14. Nxd6+ Kf8 15. Qh6+ 1-0